Agricultural atlas of India: A geographical analysis (Record no. 23237)

MARC details
000 -LEADER
fixed length control field 00339nam a2200121Ia 4500
082 ## - DEWEY DECIMAL CLASSIFICATION NUMBER
Classification number 63:912(540)
Item number JAS
100 ## - MAIN ENTRY--AUTHOR NAME
Personal name Jasbir Singh
245 #0 - TITLE STATEMENT
Title Agricultural atlas of India: A geographical analysis
260 ## - PUBLICATION, DISTRIBUTION, ETC. (IMPRINT)
Place of publication Kurukshetra
Name of publisher Vishal Pub
Year of publication 1974
650 ## - SUBJECT ADDED ENTRY--TOPICAL TERM
Topical Term Agricultural atlas
942 ## - ADDED ENTRY ELEMENTS (KOHA)
Koha item type Books
Holdings
Withdrawn status Lost status Damaged status Not for loan Home library Current library Date acquired Full call number Accession Number Koha item type
        RRII Library RRII Library 16/12/2021 63:912(540) JAS 03937 Books